Wissenschaft, Technik und Reproduktion
Gespeichert in:
| 1. Verfasser: | |
|---|---|
| Format: | Buch |
| Sprache: | Deutsch |
| Veröffentlicht: |
Berlin
Wirtschaft
1981
|
| Tags: |
Keine Tags, Fügen Sie das erste Tag hinzu!
|
MARC
| LEADER | 00000nam a2200000 4500 | ||
|---|---|---|---|
| 001 | c133900 | ||
| 005 | 20041019155259.5 | ||
| 041 | 0 | |a ger | |
| 044 | |a DE | ||
| 245 | 1 | 0 | |a Wissenschaft, Technik und Reproduktion |c Helmut Koziolek |
| 264 | 1 | |a Berlin |b Wirtschaft |c 1981 | |
| 300 | |a 168 s. | ||
| 100 | 1 | |a Koziolek, Helmut | |